Statistieken voor Vlaggen van het land met adelaars - afbeelding quiz

Klik hier om de quiz te nemen!

Algemene statistieken

  • Deze quiz is 108 keer genomen
  • De gemiddelde score is 5 van 9

Antwoordstatistieken

land% Correct
Albanië
95%
Egypte
75%
Moldavië
71%
Mexico
68%
Servië
57%
Montenegro
55%
Kazachstan
42%
Zambia
33%
Zimbabwe
18%

Scoreverdeling

Percentiel versus Aantal Correcte Antwoorden

Procent van Mensen met Elke Score

Uw Scoregeschiedenis

U heeft deze quiz nog niet genomen